[Event "EU-ch U16"]
[Site "Tallinn"]
[Date "1997.??.??"]
[Round "5"]
[White "Kundin, Alexander"]
[Black "Kuzuev, Danil"]
[Result "1-0"]
[WhiteElo "2305"]
[BlackElo "2310"]

1.e4 c5 2.Nf3 e6 3.d4 cxd4 4.Nxd4 a6 5.Nc3 Qc7 6.g3 Bb4 7.Ne2 Nf6 8.Bg2 Be7
9.O-O Nc6 10.h3 O-O 11.Be3 b5 12.a4 b4 13.Nd5 exd5 14.exd5 Bb7 15.dxc6 dxc6
16.Bf4 Qc8 17.c3 c5 18.Bxb7 Qxb7 19.cxb4 cxb4 20.Nd4 Qd7 21.Kh2 Rad8 22.Nf3 Qb7
23.Qb3 Ne4 24.Be3 Bf6 25.Rad1 h6 26.Nd2 Nxd2 27.Rxd2 Rxd2 28.Bxd2 a5 29.Be3 Rd8
30.Rc1 Rd7 31.Qc2 b3 32.Qc8+ Kh7 33.Qc4 Qd5 34.Qxd5 Rxd5 35.Kg2 Rd3 36.Kf1 Bxb2
37.Rb1 Ba3 38.Ke2 Rc3 39.Bd2 Rc2 40.Kd3 Bb4 41.Bxb4 axb4 42.Rxb3 Rxf2 43.Kc4 f5
44.a5 f4 45.gxf4 Rxf4+ 46.Kb5 g5 47.Rxb4 Kg6 48.Rxf4 gxf4 49.Kc4  1-0

[Event "EU-ch U16"]
[Site "Tallinn"]
[Date "1997.??.??"]
[Round "7"]
[White "Kapnisis, Spyridon"]
[Black "Kuzuev, Danil"]
[Result "1-0"]
[WhiteElo "2225"]
[BlackElo "2310"]

1.e4 c5 2.Nf3 e6 3.d4 cxd4 4.Nxd4 a6 5.Nc3 Qc7 6.Be2 Nf6 7.O-O Bb4 8.Qd3 Nc6
9.Kh1 d6 10.Bg5 Ne5 11.Qe3 Bd7 12.Bxf6 gxf6 13.Nd1 Bc5 14.c3 h5 15.Qf4 Ke7
16.Qd2 Rag8 17.b4 Ba7 18.Ne3 Bc6 19.f4 Nc4 20.Bf3 Nxe3 21.Qxe3 Rc8 22.Qd2 Bd7
23.Rac1 b5 24.Rcd1 Bb8 25.Ne2 Rcd8 26.Rfe1 e5 27.Ng3 h4 28.Nf5+ Bxf5 29.exf5 Ba7
30.Rf1 Rc8 31.Be4 Rhd8 32.Rf3 Qd7 33.Rd3 Rc4 34.Qe2 Qe8 35.fxe5 fxe5 36.f6+ Kxf6
37.Rf1+ Ke7 38.Bd5 Rd7 39.Bxc4 bxc4 40.Rdf3 Kd8 41.Qxc4 d5 42.Qxh4+ Kc8 43.Qh5  1-0

[Event "Tanta op"]
[Site "Tanta"]
[Date "1997.??.??"]
[Round "8"]
[White "Tayeb, S."]
[Black "Ahmed, Esam Aly"]
[Result "0-1"]
[WhiteElo "2165"]
[BlackElo "2395"]

1.e4 c5 2.Nf3 e6 3.d4 cxd4 4.Nxd4 a6 5.Nc3 Qc7 6.Be3 Nf6 7.Be2 Bb4 8.O-O Bxc3
9.bxc3 Nxe4 10.Bd3 d5 11.Qh5 Nf6 12.Qh4 Nbd7 13.Rae1 O-O 14.Bg5 Ne4 15.Re3 Nxg5
16.Qxg5 Nc5 17.Rfe1 Nxd3 18.cxd3 Qxc3 19.Nf3 d4 20.Re4 f6 21.Qh5 e5 22.g4 Qxd3
23.Nxd4 exd4 24.Re8 Bxg4 25.Qd5+ Kh8 26.Qf7 Raxe8 27.Rxe8 Qd1+ 28.Kg2 Bh3+
29.Kxh3 Qf3+ 30.Kh4 g5+  0-1

[Event "Nordic Grand Prix"]
[Site "Torshavn"]
[Date "1997.??.??"]
[Round "2"]
[White "Svidler, Peter"]
[Black "Hillarp Persson, Tiger"]
[Result "1-0"]
[WhiteElo "2640"]
[BlackElo "2475"]

1.e4 c5 2.Nf3 e6 3.Nc3 a6 4.d4 cxd4 5.Nxd4 Qc7 6.Be2 Nf6 7.O-O Nc6 8.Kh1 Bb4
9.Qd3 h5 10.Nxc6 dxc6 11.f4 e5 12.Qg3 Qd7 13.f5 h4 14.Qxg7 Rh7 15.Qg5 b5
16.a4 Bb7 17.axb5 cxb5 18.Nd5 Bxd5 19.exd5 Qd6 20.Bf3 Kd7 21.c3 Rg8 22.Qd2 Bc5
23.b4 Ba7 24.Qa2 Bb6 25.Qxa6 Ke7 26.Qb7+ Nd7 27.f6+ Qxf6 28.d6+ Qxd6 29.Rd1 Rxg2
30.Bg5+  1-0

[Event "Nordic Grand Prix"]
[Site "Torshavn"]
[Date "1997.??.??"]
[Round "4"]
[White "Conquest, Stuart"]
[Black "Akesson, Ralf"]
[Result "0-1"]
[WhiteElo "2540"]
[BlackElo "2515"]

1.e4 c5 2.Nf3 e6 3.Nc3 a6 4.d4 cxd4 5.Nxd4 d6 6.Bd3 Nf6 7.f4 b5 8.O-O Bb7
9.Qf3 Nbd7 10.Kh1 g6 11.Bd2 Bg7 12.Rae1 O-O 13.Qh3 Nc5 14.b4 Nxd3 15.cxd3 Rc8
16.Nf3 Nh5 17.Ne2 Rc2 18.g4 Nf6 19.Ng3 Re8 20.f5 exf5 21.gxf5 Rxa2 22.Bg5 Qc7
23.Rc1 Rc2 24.Qh4 Nd7 25.f6 Bh8 26.Nf5 gxf5 27.Rg1 Nf8 28.Bf4+ Ng6 29.Rxg6+ hxg6
30.Rg1 Rxe4 31.Qh6 Ree2 32.Rxg6+ fxg6 33.Qxg6+ Bg7  0-1

[Event "Turku We TuTS"]
[Site "Turku"]
[Date "1997.??.??"]
[Round "3"]
[White "Nokso Koivisto, Antti"]
[Black "Sorsa, Nuutti"]
[Result "0-1"]
[WhiteElo "2215"]
[BlackElo "2270"]

1.e4 c5 2.Nf3 e6 3.d4 cxd4 4.Nxd4 a6 5.Nc3 Qc7 6.g3 Nc6 7.Nb3 Nf6 8.Bg2 Bb4
9.Bd2 O-O 10.O-O Be7 11.a4 b6 12.f4 d6 13.g4 Bb7 14.g5 Nd7 15.Qh5 Rfe8 16.Rf3 Nf8
17.Rh3 Nb4 18.f5 exf5 19.exf5 Bxg2 20.Kxg2 Qc6+ 21.Kg1 d5 22.Rf1 Bc5+ 23.Nxc5 Qxc5+
24.Rf2 d4 25.Qh4 dxc3 26.Bxc3 Nxc2 27.f6 Rad8 28.fxg7 Rd1+ 29.Kg2 Qd5+ 30.Rhf3 Ne3+
31.Kh3 Qe6+ 32.Rf5 Nxf5 33.gxf8=R+ Rxf8 34.Qf4 Qe3+ 35.Qxe3 Nxe3 36.Re2 Nd5
37.Be5 Rd3+ 38.Kg4 Re3 39.Rxe3 Nxe3+ 40.Kf3  0-1

[Event "ROM-chT"]
[Site "Tusnad"]
[Date "1997.??.??"]
[Round "?"]
[White "Tomescu, Vlad"]
[Black "Ardeleanu, Alin"]
[Result "1/2-1/2"]
[WhiteElo "2380"]
[BlackElo "2420"]

1.e4 c5 2.Nf3 e6 3.d4 cxd4 4.Nxd4 a6 5.Nc3 Qc7 6.g3 Nf6 7.Bg2 Nc6 8.O-O Bc5
9.Bf4 e5 10.Nb3 exf4 11.Nxc5 fxg3 12.hxg3 d6 13.Nd5 Qd8 14.Na4 Nxd5 15.exd5 Ne5  1/2-1/2

[Event "ROM-chT"]
[Site "Tusnad"]
[Date "1997.??.??"]
[Round "?"]
[White "Tomescu, Vlad"]
[Black "Ionescu, Constantin"]
[Result "1/2-1/2"]
[WhiteElo "2380"]
[BlackElo "2515"]

1.e4 c5 2.Nf3 e6 3.d4 cxd4 4.Nxd4 a6 5.Nc3 Qc7 6.g3 Nf6 7.Bg2 Be7 8.O-O O-O
9.g4 Nc6 10.Be3 d6 11.g5 Nd7 12.f4 Re8 13.Qd2 Bf8 14.Rae1 Rb8 15.Rf3 Nxd4
16.Bxd4 b5 17.a3 a5 18.a4 bxa4 19.Nxa4 e5 20.Bc3 exf4 21.Rxf4 Ne5 22.b3 Bd7
23.Ref1 Bxa4 24.bxa4 Re7 25.Kh1 Rc8 26.Bxa5 Qxc2 27.Qxc2 Rxc2 28.Bb6 Ra2
29.a5 Re8  1/2-1/2

[Event "Ubeda op"]
[Site "Ubeda"]
[Date "1997.??.??"]
[Round "4"]
[White "Rohl, Juan"]
[Black "Zapata, Alonso"]
[Result "0-1"]
[WhiteElo "2415"]
[BlackElo "2515"]

1.e4 c5 2.Nf3 e6 3.d4 cxd4 4.Nxd4 a6 5.Nc3 Qc7 6.Be2 b5 7.Bf3 Bb7 8.O-O Nc6
9.Nxc6 dxc6 10.a4 Nf6 11.Qe2 e5 12.Rd1 Be7 13.Be3 O-O 14.a5 Bc8 15.Nb1 Be6
16.Nd2 Bb4 17.Bb6 Qe7 18.c3 Bc5 19.Bxc5 Qxc5 20.Nf1 Bb3 21.Re1 Rfd8 22.Ra3 Bc4
23.Qe3 Qe7 24.Be2 Bxe2 25.Qxe2 Rd7 26.Raa1 Rad8 27.h3 g6 28.Qe3 c5 29.Qg5 c4
30.Ne3 Nxe4 31.Qxe7 Rxe7 32.Nxc4 f5 33.Nxe5 Rxe5 34.f3 Rd2 35.fxe4 fxe4 36.Re3 Rxb2
37.Rae1 b4 38.c4 Rxa5 39.Rxe4 Raa2 40.Re7 Rxg2+ 41.Kh1 Rgf2 42.Rb7 a5 43.c5 Rac2
44.Rb5 Rf5 45.Rxa5 b3 46.Ra8+ Rf8 47.Ree8 Rxe8 48.Rxe8+ Kf7 49.Rb8 b2  0-1

[Event "Ubeda op"]
[Site "Ubeda"]
[Date "1997.??.??"]
[Round "6"]
[White "Hansen, Sune Berg"]
[Black "Perdomo, Carlos Andres"]
[Result "1/2-1/2"]
[WhiteElo "2505"]
[BlackElo "2330"]

1.e4 c5 2.Nf3 e6 3.d4 cxd4 4.Nxd4 a6 5.Nc3 Qc7 6.Be2 b5 7.O-O Bb7 8.Bf3 Nc6
9.Nxc6 dxc6 10.a4 Nf6 11.Qe2 e5 12.Bg5  1/2-1/2

[Event "JUG Cup"]
[Site "Ulcinj"]
[Date "1997.??.??"]
[Round "?"]
[White "Petkovic, Radoslov"]
[Black "Martinovic, Slobodan"]
[Result "0-1"]
[WhiteElo "2295"]
[BlackElo "2495"]

1.e4 c5 2.Nf3 e6 3.d4 cxd4 4.Nxd4 a6 5.Nc3 Qc7 6.g3 Bb4 7.Ne2 Nf6 8.Bg2 Be7
9.O-O d6 10.b3 O-O 11.Bb2 Nc6 12.Rc1 b6 13.Nf4 Bb7 14.Qd2 Rfd8 15.h3 Rac8
16.Rfe1 b5 17.Qe3 Ne5 18.a4 Bc6 19.axb5 axb5 20.Nce2 Bd7 21.Nd4 Ra8 22.Ra1 Rdc8
23.Rxa8 Rxa8 24.Ra1 Rxa1+ 25.Bxa1 h6 26.Nfe2 Ng6 27.Qc3 Qa7 28.Bb2 Bf8 29.Qe1 e5
30.Nf5 d5 31.Ne3 dxe4 32.Qa1 Qc7 33.Qa8 Bc6 34.Qa6 Bc5 35.c4 Qd7 36.Bf1 Bxe3
37.fxe3 bxc4 38.bxc4 Nh7 39.h4 Nf6 40.Qb6 Kh7  0-1

[Event "JUG Cup (Women)"]
[Site "Ulcinj"]
[Date "1997.??.??"]
[Round "?"]
[White "Vujosevic, Snezana"]
[Black "Khurtsidze, Nino"]
[Result "0-1"]
[WhiteElo "2065"]
[BlackElo "2430"]

1.e4 c5 2.Nf3 e6 3.d4 cxd4 4.Nxd4 a6 5.Nc3 Qc7 6.a3 b5 7.Be2 Bb7 8.O-O Nf6
9.f3 Be7 10.Qd3 O-O 11.Be3 d6 12.Rf2 Nbd7 13.Raf1 Rfd8 14.Nb3 Rac8 15.f4 Nc5
16.Bxc5 dxc5 17.Qh3 c4 18.e5 Ne4 19.Nxe4 Bxe4 20.Nd2 Rxd2 21.Qe3 Rxe2 22.Qxe2 Bb7  0-1

[Event "Verona op"]
[Site "Verona"]
[Date "1997.??.??"]
[Round "2"]
[White "Lucaroni, Massimiliano"]
[Black "Ortega, Lexy"]
[Result "0-1"]
[WhiteElo "2265"]
[BlackElo "2460"]

1.e4 c5 2.Nc3 e6 3.Nf3 a6 4.d4 cxd4 5.Nxd4 d6 6.Be2 Nf6 7.f4 Qc7 8.O-O Be7
9.Be3 O-O 10.Qe1 b5 11.a3 Bb7 12.Bf3 Nbd7 13.Rd1 Rac8 14.Kh1 Rfe8 15.Bc1 Bf8
16.Qg3 Nc5 17.Rde1 Rcd8 18.Nb3 d5 19.Nxc5 Qxc5 20.e5 Ne4 21.Bxe4 dxe4 22.Be3 Qc4
23.f5 Rd7 24.f6 g6 25.Rf4 b4 26.axb4 Qxb4 27.Rh4 Qxb2 28.Bh6 Rc8 29.Na4 Qa3
30.Nb6 Rc3 31.Bxf8 Rxg3 32.Bxa3 Re3 33.Rb1 Rc7 34.h3 Rxa3 35.Rd1 h5 36.Rd6 Kh7
37.Nd7 Kh6 38.Kh2 Kg5  0-1

[Event "Villa Ballester op"]
[Site "Villa Ballester"]
[Date "1997.??.??"]
[Round "8"]
[White "Fiorito, Fabian"]
[Black "Peralta, Eduardo"]
[Result "1-0"]
[WhiteElo "2470"]
[BlackElo "2340"]

1.e4 c5 2.Nf3 e6 3.d4 cxd4 4.Nxd4 a6 5.Nc3 Qc7 6.Bd3 Nc6 7.Be3 Nf6 8.O-O Ne5
9.h3 Bc5 10.Na4 Ba7 11.c4 d6 12.Rc1 Bd7 13.Nc3 Rc8 14.b3 Nxd3 15.Qxd3 O-O
16.Rfd1 Rfd8 17.Bg5 h6 18.Bh4 Be8 19.Bxf6 gxf6 20.Qg3+ Kh7 21.Nd5  1-0

[Event "CHI-ch"]
[Site "Vina del Mar"]
[Date "1997.??.??"]
[Round "10"]
[White "Frey, Hugo"]
[Black "Carmona, Jose Luis"]
[Result "0-1"]
[WhiteElo "2235"]
[BlackElo "2165"]

1.e4 c5 2.Nf3 e6 3.Nc3 a6 4.d4 cxd4 5.Nxd4 Qc7 6.Bd3 b5 7.O-O Bb7 8.Kh1 Nf6
9.a3 Be7 10.Qe2 d6 11.f4 Nbd7 12.Bd2 O-O 13.Rae1 Nc5 14.Rf3 d5 15.e5 Nfe4
16.Rh3 g6 17.Be3 Rae8 18.Nd1 Bd8 19.b4 Nxd3 20.cxd3 Nc3 21.Nxc3 Qxc3 22.Rc1 Qxa3
23.Nc2 Qb2 24.Qd2 Be7 25.Bd4 Bxb4 26.Qe3 Bc3 27.f5 f6 28.Qh6 Re7 29.exf6 Rxf6
30.Bxf6 Bxf6 31.fxg6 Rg7 32.Rg3 Kh8 33.Qf4 Be5 34.Qf8+ Rg8 35.g7+ Bxg7 36.Qf1 Bh6
37.Ne3 Rxg3 38.hxg3 Qg7 39.Re1 Bxe3 40.Rxe3 Qh6+ 41.Kg1  0-1

[Event "Wattens op"]
[Site "Wattens"]
[Date "1997.??.??"]
[Round "?"]
[White "Riedl, Johannes"]
[Black "Schmied, Roman"]
[Result "0-1"]
[WhiteElo "1685"]
[BlackElo "1965"]

1.e4 c5 2.Nf3 e6 3.d4 cxd4 4.Nxd4 a6 5.Nc3 Nc6 6.Be2 Nge7 7.O-O Nxd4 8.Qxd4 Nc6
9.Qd1 b5 10.a3 Qc7 11.Be3 Na5 12.Qd4 Nc4 13.Bxc4 Qxc4 14.Qxc4 bxc4 15.Na4 Bb7
16.Nb6 Bxe4 17.f3 Bc6 18.Nxa8 Bxa8 19.b3 Bd5 20.Rfb1 Bd6 21.bxc4 Bxc4 22.Rb6 Ke7
23.a4 Rc8 24.Rd1 Bd5 25.Rxa6 Rxc2 26.Rxd5 exd5 27.Ra8 Ra2 28.a5 Be5 29.Bc5+ d6
30.Bb4 Bd4+ 31.Kf1 Rf2+ 32.Ke1 Rxg2 33.a6 Rxh2 34.a7 Ra2 35.Bxd6+ Kf6 36.f4 Rxa7
37.Be5+ Kf5 38.Rg8 Bxe5 39.fxe5 g6 40.Rc8 Re7  0-1

[Event "Wattens op"]
[Site "Wattens"]
[Date "1997.??.??"]
[Round "?"]
[White "Embacher, Gregor"]
[Black "Ritz, Thomas"]
[Result "0-1"]
[WhiteElo "1995"]
[BlackElo "2105"]

1.e4 c5 2.Nf3 e6 3.d4 cxd4 4.Nxd4 a6 5.Nc3 Qc7 6.Be2 Nf6 7.O-O Nc6 8.Be3 Nxd4
9.Bxd4 e5 10.Be3 b5 11.a3 Bb7 12.f4 Bc5 13.Bxc5 Qxc5+ 14.Kh1 Nxe4 15.Bg4 O-O
16.Qxd7 Ra7 17.Nxe4 Bxe4 18.Qd2 Qxc2 19.Qxc2 Bxc2 20.fxe5 Re7 21.Rac1 Be4
22.Bc8 a5 23.Rc5 Rfe8 24.Ba6 Rxe5 25.Rxb5 R5e6  0-1

[Event "Wil"]
[Site "Wil"]
[Date "1997.??.??"]
[Round "?"]
[White "Germann, Josef"]
[Black "Joksic, Sinisa"]
[Result "0-1"]
[WhiteElo "2090"]
[BlackElo "2345"]

1.e4 c5 2.Nf3 a6 3.Nc3 e6 4.d4 cxd4 5.Nxd4 Qc7 6.Be2 b5 7.O-O b4 8.Na4 Bb7
9.Bf3 Nf6 10.Re1 d6 11.Bd2 Nc6 12.Nxc6 Bxc6 13.c3 Qb7 14.e5 dxe5 15.Rxe5 Rd8
16.Bxc6+ Qxc6 17.Qc2 Rxd2 18.Qxd2 Qxa4 19.Rd1 Be7 20.cxb4 O-O 21.Ra5 Qc6
22.a3 h6 23.Qe2 Rd8 24.Rxd8+ Bxd8 25.Rxa6 Qc1+ 26.Qf1 Qd2 27.Rc6 Ne4 28.f3 Qd4+
29.Kh1 Nf2+ 30.Kg1 Nd1+ 31.Kh1 Bf6 32.Qe2 Nf2+ 33.Kg1 Nh3+  0-1

[Event "Zadar op"]
[Site "Zadar"]
[Date "1997.??.??"]
[Round "1"]
[White "Ikica, Ante"]
[Black "Bistric, Faruk"]
[Result "0-1"]
[WhiteElo "2030"]
[BlackElo "2430"]

1.e4 c5 2.Nf3 e6 3.d4 cxd4 4.Nxd4 a6 5.Nc3 Qc7 6.Bd3 Nc6 7.Nb3 Nf6 8.Be3 Be7
9.f4 d6 10.Qf3 b5 11.O-O Bb7 12.f5 exf5 13.Qxf5 Ne5 14.Nd4 O-O 15.Nd5 Nxd5
16.exd5 g6 17.Qh3 Bxd5 18.Nf5 gxf5 19.Bxf5 Ng6 20.Bd4 Rfe8 21.Qg4 Qd8 22.Bd7 Bf8
23.Bxe8 Qxe8 24.Rae1 Be6 25.Qg3 Qd8 26.Bf6 Be7 27.Bd4 Rc8 28.Qf3 Qd7 29.c3 Bxa2
30.Qh5 Be6 31.Ra1 Qb7 32.Rf3 b4 33.Re1 bxc3 34.bxc3 Qd5 35.Qh6 Bf8 36.Qe3 Bg7
37.Bxg7 Kxg7 38.Rg3 Qc5 39.Qxc5 Rxc5 40.Rd1 Rc6 41.Ra1 Kf8 42.Ra3 Ne5 43.h3 Rb6
44.Ra5 Bc4 45.Ra1 Rb2 46.h4 h6 47.Rd1 Ke7 48.Rg8 Ng6 49.h5 Ne5 50.Rh8 Ng4
51.g3 Ne5 52.Re1 Kf6 53.Re3 Rb1+  0-1

[Event "Zillertal op"]
[Site "Zillertal"]
[Date "1997.??.??"]
[Round "4"]
[White "Schiestl, Josef"]
[Black "Farago, Ivan"]
[Result "0-1"]
[WhiteElo "2200"]
[BlackElo "2440"]

1.e4 c5 2.Nf3 e6 3.d4 cxd4 4.Nxd4 a6 5.Nc3 Qc7 6.Bd3 Nc6 7.Nxc6 bxc6 8.Be3 Nf6
9.f4 d5 10.e5 Nd7 11.Na4 c5 12.c4 d4 13.Bd2 Bb7 14.O-O Be7 15.b3 Qc6 16.Qe2 f5
17.Rf3 h5 18.Rg3 g5 19.fxg5 h4 20.Rf3 O-O-O 21.Raf1 Rdg8 22.R1f2 Bxg5 23.Bxg5 Rxg5
24.Kf1 Qc7 25.Rf4 Nxe5 26.Nb6+ Kd8 27.Bxf5 exf5 28.Rxf5 Bxg2+ 29.Ke1 Nf3+  0-1

[Event "Zagreb op"]
[Site "Zagreb"]
[Date "1998.01.08"]
[Round "6"]
[White "Milasin, Miljenko"]
[Black "Brumen, Dinko"]
[Result "1-0"]
[WhiteElo "2295"]
[BlackElo "2385"]

1.e4 c5 2.Nf3 e6 3.d4 cxd4 4.Nxd4 a6 5.Nc3 b5 6.Be3 Bb7 7.f3 Bb4 8.Qd2 Qc7
9.a3 Bxc3 10.Qxc3 Qxc3+ 11.bxc3 d5 12.e5 Nd7 13.f4 Ne7 14.Bd3 O-O 15.a4 bxa4
16.Rxa4 Rfc8 17.Kd2 Rc7 18.Nb3 d4 19.cxd4 Nb6 20.Raa1 Bxg2 21.Rhg1 Bd5 22.Nc5 Nc4+
23.Bxc4 Bxc4 24.Rgb1 Nd5 25.Ra4 Nxe3 26.Kxe3 Bd5 27.c4 Bc6 28.Rxa6 Rac8 29.Rab6 h6
30.Rb8 Kh7 31.Rxc8 Rxc8 32.Rd1 Ba8 33.Ra1 Bc6 34.Ra7 Kg8 35.Na4 Rb8 36.Nc5 Rb2
37.Rc7 Bh1 38.Rc8+ Kh7 39.Nd7 h5 40.Nf8+ Kh6 41.Rc7 h4 42.Rxf7 h3 43.Nxe6 Rxh2
44.Rxg7 Rc2 45.f5 h2 46.Rg6+ Kh5 47.Kf4 Rf2+ 48.Kg3 Rxf5 49.Rg8  1-0

[Event "Melbourne Black Opal"]
[Site "Melbourne"]
[Date "1998.01.14"]
[Round "3"]
[White "Canfell, Gregory"]
[Black "Johansen, Darryl K"]
[Result "0-1"]
[WhiteElo "2255"]
[BlackElo "2490"]

1.e4 c5 2.Nf3 e6 3.d4 cxd4 4.Nxd4 a6 5.Nc3 b5 6.Bd3 Ne7 7.O-O Nbc6 8.Nxc6 Nxc6
9.a4 b4 10.Nd5 Bd6 11.Qg4 O-O 12.Bf4 Be5 13.Qg3 f6 14.Bxe5 Nxe5 15.Ne3 Bb7
16.f4 Nxd3 17.cxd3 Rc8 18.e5 Qb6 19.Kh1 fxe5 20.fxe5 Qd4 21.Nc4 Bd5 22.b3 Rf5
23.Rac1 Rcf8 24.Rxf5 Rxf5 25.Nd6 Qc3 26.Qe3 Rf8 27.h3 Qb2 28.Rg1 Qxb3 29.Ne4 Qxa4
30.Nf6+ Kh8 31.Qg5 Qb5 32.Nh5 Rg8 33.Rd1 Qc5 34.Nf6 Qe7 35.Nxh7 Qxg5 36.Nxg5 b3
37.Ra1 b2 38.Rb1 Rb8  0-1

[Event "Ubeda op"]
[Site "Ubeda"]
[Date "1998.01.22"]
[Round "3"]
[White "Sargissian, Gabriel"]
[Black "Kunte, Abhijit"]
[Result "0-1"]
[WhiteElo "2270"]
[BlackElo "2460"]

1.e4 c5 2.Nf3 e6 3.d4 cxd4 4.Nxd4 a6 5.Nc3 Qc7 6.Be3 Bb4 7.Bd3 Bxc3+ 8.bxc3 Qxc3+
9.Kf1 d6 10.Nf5 exf5 11.Bd4 Qxd4 12.Bb5+ axb5 13.Qxd4 Nf6 14.Qxd6 Nc6 15.exf5 Bxf5
16.Qc5 Be6 17.Ke2 b4 18.Rhd1 Ne4 19.Qb6 Nc3+  0-1

[Event "Anibal op 5th"]
[Site "Linares"]
[Date "1998.01.23"]
[Round "4"]
[White "Alonso, Salvador"]
[Black "Frias, Victor J"]
[Result "0-1"]
[WhiteElo "2390"]
[BlackElo "2515"]

1.e4 c5 2.Nf3 e6 3.d4 cxd4 4.Nxd4 a6 5.Nc3 Nc6 6.Be3 Nge7 7.Nb3 b5 8.Bc5 Na5
9.Qd2 Nb7 10.Bb4 d6 11.e5 Nc6 12.Bxd6 Nxd6 13.exd6 Qxd6 14.Qxd6 Bxd6 15.Ne4 Bc7
16.O-O-O Ke7 17.g3 Rb8 18.Bg2 Ne5 19.Nec5 Bb6 20.Rhe1 Nd7 21.Ne4 Rd8 22.f4 Bb7
23.Nd4 g6 24.Re2 Nf6 25.Nxf6 Bxg2 26.c3 Bxd4 27.Rxd4 Rxd4 28.cxd4 Bf1 29.Re1 Kxf6
30.Rxf1 Rd8 31.Kd2 Rxd4+ 32.Ke3 Ra4 33.a3 b4 34.axb4 Rxb4 35.Rf2 Kf5 36.Rc2 Rb3+
37.Kf2 h5 38.Kg1 h4 39.Rc7 f6 40.gxh4 Rxb2 41.Rc6 Rb4 42.Rxa6 Rxf4 43.h5 gxh5  0-1

[Event "Anibal op 5th"]
[Site "Linares"]
[Date "1998.01.25"]
[Round "6"]
[White "Nataf, Igor Alexandre"]
[Black "Wallace, John Paul"]
[Result "0-1"]
[WhiteElo "2485"]
[BlackElo "2365"]

1.e4 c5 2.Nf3 e6 3.d4 cxd4 4.Nxd4 a6 5.Nc3 Qc7 6.Be2 Nf6 7.O-O Be7 8.f4 d6
9.Be3 b5 10.e5 dxe5 11.fxe5 Qxe5 12.Bf4 Qc5 13.Bf3 Qa7 14.Kh1 O-O 15.Bxb8 Rxb8
16.Nc6 Qc7 17.Nxb8 Qxb8 18.Qe1 Nd7 19.Ne2 Ne5 20.Nd4 Bd7 21.Rd1 Qc7 22.Qe4 Rb8
23.c3 f5 24.Qe2 Bd6 25.Rfe1 Re8 26.Qc2 g6 27.Re2 Nc4 28.Rde1 e5 29.Bd5+ Kg7
30.Bxc4 bxc4 31.Qd2 Rd8 32.Nf3 Bc6 33.Rd1 e4 34.Ng5 Qe7 35.Qd4+ Kh6 36.h4 Bc7
37.Qg1 Rd3 38.b3 Qd7 39.Rf1 cxb3 40.axb3 Rxc3 41.Qa7 Bb5 42.Qa8 Bxe2 43.Qf8+ Kh5
44.Nf7 Qd2  0-1

[Event "RUS-Cup02"]
[Site "Moscow"]
[Date "1998.01.26"]
[Round "6"]
[White "Fedorov, Alexei"]
[Black "Balashov, Yuri S"]
[Result "1/2-1/2"]
[WhiteElo "2595"]
[BlackElo "2555"]

1.e4 c5 2.Nf3 e6 3.d4 cxd4 4.Nxd4 a6 5.Nc3 Qc7 6.g3 Bb4 7.Bd2 Nf6 8.Bg2 Nc6
9.Nb3 Be7 10.f4 d6 11.Qf3 Nd7 12.O-O-O Nb6 13.Kb1 Nc4 14.Bc1 Bd7 15.g4 h6
16.h4 O-O-O 17.g5 hxg5 18.hxg5 Kb8 19.Bf1 Na7 20.Rxh8 Rxh8 21.Nd4 Rc8 22.b3 Na5
23.Bb2 N5c6 24.Nxc6+ Bxc6 25.Bd3 g6 26.Qh3 d5 27.exd5 exd5 28.f5 Bxg5 29.fxg6 fxg6
30.Bxg6 Rd8 31.Qf5 Qf4 32.Qxf4+ Bxf4 33.Bf7 Be5 34.Ne2 Bxb2 35.Kxb2 Rd7 36.Be6 Rd6
37.Nf4 d4  1/2-1/2

[Event "Budapest FS02 IM"]
[Site "Budapest"]
[Date "1998.02.07"]
[Round "1"]
[White "Antal, Sebestyen Jr"]
[Black "Brustkern, Juergen"]
[Result "0-1"]
[WhiteElo "2330"]
[BlackElo "2230"]

1.e4 c5 2.Nf3 e6 3.d4 cxd4 4.Nxd4 a6 5.Nc3 b5 6.Bd3 Qb6 7.Nb3 Qc7 8.O-O Nf6
9.Be3 d6 10.f4 Bb7 11.a3 Be7 12.Qf3 O-O 13.Qh3 Nbd7 14.Rae1 Rfe8 15.Kh1 g6
16.f5 e5 17.fxg6 hxg6 18.Bg5 Nh5 19.Bd2 Bf8 20.Rf2 Bg7 21.Ref1 Ndf6 22.Bg5 Re6
23.Qh4 Nh7 24.Nd5 Bxd5 25.exd5 Ree8 26.Be3 Qe7 27.Qxe7 Rxe7 28.Nd2 N5f6 29.c4 Ng4
30.Rf3 bxc4 31.Bxc4 e4 32.Rg3 f5 33.Bf4 Be5 34.Bxe5 Nxe5 35.b3 Rf7 36.h4 Kh8
37.Be2 Nf6 38.Nc4 Nxc4 39.Bxc4 Kh7 40.Rg5 Nh5 41.Be2 Ng7 42.h5 gxh5 43.Bxh5 Kh6
44.Bxf7 Kxg5 45.Rc1 Ra7 46.Bg8 Ra8 47.Bf7 a5 48.Kg1 Rb8 49.b4 axb4 50.axb4 Rxb4
51.Rc6 Kf6 52.Bg8 Rb8 53.Be6 Ke5 54.Bf7 Rf8 55.Bg6 Kxd5 56.Rc7 Ne6 57.Bf7 Rh8
58.Re7 Rh6 59.Kf2 Ke5 60.g4 fxg4 61.Kg3 Kf5 62.Be8 Rh3+ 63.Kf2 e3+ 64.Ke1 Nf4  0-1

[Event "FRA-chT"]
[Site "FRA"]
[Date "1998.02.08"]
[Round "3"]
[White "Fontaine, Robert"]
[Black "Collas, Didier"]
[Result "1-0"]
[WhiteElo "2365"]
[BlackElo "2355"]

1.e4 c5 2.Nf3 e6 3.d4 cxd4 4.Nxd4 a6 5.Nc3 Qc7 6.g3 b5 7.Bf4 d6 8.Bxb5+ axb5
9.Ndxb5 Qb6 10.Bxd6 Na6 11.Qd2 Bb7 12.O-O-O Nf6 13.Qf4 Nxe4 14.Bxf8 Kxf8
15.Rd7 Nf6 16.Nd6 Kg8 17.Rxb7  1-0

[Event "Chebanenco mem 1st"]
[Site "Kishinev"]
[Date "1998.02.09"]
[Round "1"]
[White "Fedorov, Alexei"]
[Black "Itkis, Boris"]
[Result "1-0"]
[WhiteElo "2595"]
[BlackElo "2460"]

1.e4 c5 2.Nf3 e6 3.d4 cxd4 4.Nxd4 a6 5.Nc3 Qc7 6.g3 Nc6 7.Bg2 Nf6 8.Nb3 Be7
9.O-O d6 10.f4 h5 11.h3 b5 12.Be3 Bb7 13.a3 Rc8 14.Rf2 Nb8 15.Qe1 Nbd7 16.Rd1 e5
17.Nd5 Bxd5 18.exd5 Nb6 19.fxe5 dxe5 20.Na5 Nc4 21.Nc6 Nxe3 22.Qxe3 Bd6 23.Qg5 Kf8
24.Rxf6 gxf6 25.Qxf6 Rg8 26.Qh6+ Rg7 27.Rf1 Kg8 28.Rf5 Bc5+ 29.Kh2 Rg6 30.Qxh5 e4
31.Ne5 Rg7 32.Ng4 Kf8 33.Qh8+ Rg8 34.Qh6+ Ke7 35.Qf6+ Kf8 36.Ne5 Bd6 37.Qh6+ Rg7
38.Nxf7 Bxg3+ 39.Kh1  1-0

[Event "Chebanenco mem 1st"]
[Site "Kishinev"]
[Date "1998.02.11"]
[Round "3"]
[White "Iordachescu, Viorel"]
[Black "Sakaev, Konstantin"]
[Result "1-0"]
[WhiteElo "2520"]
[BlackElo "2620"]

1.e4 c5 2.Nf3 e6 3.d4 cxd4 4.Nxd4 a6 5.Nc3 Qc7 6.Bd3 Bc5 7.Nb3 Be7 8.f4 d6
9.Qg4 Bf6 10.O-O Nc6 11.Be3 Nge7 12.a4 b6 13.Rae1 h5 14.Qf3 Rb8 15.Kh1 h4
16.h3 Bb7 17.Qf2 Nc8 18.Nd2 Nb4 19.Bd4 Nxd3 20.cxd3 Bxd4 21.Qxd4 Kf8 22.Qf2 Qc5
23.d4 Qh5 24.f5 Kg8 25.d5 e5 26.Nc4 Ba8 27.f6 g6 28.Ne3 Kh7 29.Ne2 a5 30.Rc1 b5
31.Rc7 Rf8 32.axb5 Rxb5 33.Nc4 Rb4 34.Nc3 a4 35.Ra1 Bb7 36.Rxa4 Rxa4 37.Nxa4 Ba6
38.b3 Qg5 39.Ne3 Bd3 40.Nc3 Nb6 41.Ng4 Ra8 42.Rxf7+ Kh8 43.Kh2 Ra1 44.Rf8+ Kh7
45.f7  1-0

[Event "Budapest FS02 GM"]
[Site "Budapest"]
[Date "1998.02.12"]
[Round "6"]
[White "Mikhaletz, Lubomir"]
[Black "Naiditsch, Arkadij"]
[Result "1-0"]
[WhiteElo "2435"]
[BlackElo "2255"]

1.e4 c5 2.Nf3 e6 3.d4 cxd4 4.Nxd4 a6 5.Nc3 b5 6.Bd3 Qb6 7.Nf3 Qc7 8.O-O d6
9.a4 b4 10.Na2 Nf6 11.Bd2 Bb7 12.Qe2 d5 13.e5 Ne4 14.Bxb4 Nd7 15.Bxf8 Rxf8
16.c3 g5 17.Rad1 Ndc5 18.Nb4 Ke7 19.a5 Nxd3 20.Nxd3 Qxa5 21.Nd4 f5 22.exf6+ Rxf6
23.f3 Nd6 24.b4 Qb6 25.Qe3 Qc7 26.Nc5 Bc8 27.Qxg5 Nf7 28.Nf5+ exf5 29.Rfe1+ Ne5
30.Qg7+ Rf7 31.Rxe5+  1-0

[Event "Novak Nikolic mem 1st"]
[Site "Belgrade"]
[Date "1998.02.13"]
[Round "8"]
[White "Zontakh, Andrey"]
[Black "Cvetkovic, Srdjan"]
[Result "1-0"]
[WhiteElo "2545"]
[BlackElo "2430"]

1.e4 c5 2.Nf3 e6 3.d4 cxd4 4.Nxd4 a6 5.Nc3 Nc6 6.Be2 d6 7.O-O Nf6 8.Be3 Bd7
9.f4 Qc7 10.a4 Be7 11.Nb3 b6 12.Bf3 Rb8 13.g4 Bc8 14.g5 Nd7 15.Bg2 g6 16.Qe2 O-O
17.Rad1 Re8 18.h4 Nc5 19.h5 Nxb3 20.cxb3 Na5 21.hxg6 hxg6 22.f5 exf5 23.Nd5 Qd8
24.exf5 Bxf5 25.Rxf5 Bxg5 26.Rf3 b5 27.axb5 Bxe3+ 28.Rxe3 Rxe3 29.Qxe3 Rxb5
30.Rf1 Nc6 31.Qh6 Rxd5 32.Bxd5  1-0

[Event "Calcutta Goodricke op"]
[Site "Calcutta"]
[Date "1998.02.13"]
[Round "8"]
[White "Thipsay, Praveen Mahadeo"]
[Black "Horvath, Csaba"]
[Result "0-1"]
[WhiteElo "2515"]
[BlackElo "2535"]

1.e4 c5 2.Nf3 e6 3.d4 cxd4 4.Nxd4 a6 5.Nc3 b5 6.Bd3 Qb6 7.Nb3 Qc7 8.O-O Nf6
9.f4 d6 10.a3 Nbd7 11.Kh1 Be7 12.Qf3 Bb7 13.Qh3 O-O 14.Bd2 Rfe8 15.Rae1 e5
16.Nd5 Bxd5 17.exd5 e4 18.Ba5 Nb6 19.Bxe4 Nxe4 20.Rxe4 Bf6 21.Qe3 Rxe4 22.Qxe4 Bxb2
23.Re1 g6 24.Qe3 Rb8 25.c3 Qb7 26.Bxb6 Qxb6 27.Qd2 Bxa3 28.Nd4 b4 29.Nc6 bxc3
30.Qxc3 Bb2 31.Qc2 Rb7 32.Rb1 Qc5 33.Qd1 Rb5 34.h3 Bf6 35.Rxb5 axb5 36.Qd2 Kg7
37.Kh2 Qc4 38.Na5 Qa4 39.Nc6 Qe4 40.Na5 b4 41.g3 Qf3 42.Qg2 Qd3  0-1

[Event "Calcutta Goodricke op"]
[Site "Calcutta"]
[Date "1998.02.16"]
[Round "11"]
[White "Barua, Dibyendu"]
[Black "Horvath, Csaba"]
[Result "1-0"]
[WhiteElo "2520"]
[BlackElo "2535"]

1.e4 c5 2.Nf3 e6 3.d4 cxd4 4.Nxd4 a6 5.Nc3 Qc7 6.Be2 b5 7.O-O Bb7 8.Re1 Nc6
9.Nxc6 dxc6 10.a4 Rd8 11.Bd3 Bd6 12.h3 Ne7 13.Qh5 e5 14.f4 Ng6 15.f5 Nf4
16.Bxf4 exf4 17.e5 Bxe5 18.f6 gxf6 19.Ne4 Qe7 20.Nxf6+ Qxf6 21.Rxe5+ Kf8
22.Rf1 Rg8 23.Rf2 Rg7 24.Re4 Rg5 25.Rexf4 Rxh5 26.Rxf6 Rd7 27.Bf5 Rd1+ 28.Kh2 Rd4
29.c3  1-0